000 01653cam a22004574i 4500
003 PE-LiUPU
005 20250731172859.0
008 150623s r 000 0 d
020 _a1451490119
020 _a9781451490114
035 _a(Sirsi) a165866
040 _aPE-LiUPU
_bspa
_cPE-LiUPU
_erda
049 _aPRUA
082 0 4 _a230.4
_bT78
_223
100 1 _aTranvik, Mark D.,
_eautor.
245 1 4 _aMartin Luther and the called life /
_cMark D. Tranvik.
264 1 _aMinneapolis :
_bFortress Press,
_c2016.
300 _axi, 174 páginas :
_bilustraciones ;
_c22 centímetros.
336 _atext
_2rdacontent
337 _aunmediated
_2rdamedia
338 _avolume
_2rdacarrier
505 0 _aPart I. Luther's calling. The second baptism is first -- Luther: his road to vocation -- Baptism and the called life -- Part II. The called life. It gets personal -- The call to be a son, spouse, and father -- Called to be a citizen -- Called to Christian community -- Called to work -- Conclusion.
526 _aSEG42
526 _aSEG41
526 _aSEG40
526 _aSEG39
526 _aP94
526 _aP87
526 _aP86
526 _aP85
526 _aP77
526 _aP76
526 _aP35
650 0 4 _aVocación
_xIglesia Luterana.
650 0 4 _aLuther, Martin, 1483-1546.
942 _2ddc
_cBOOK
994 _aC0
_bPEPRU
596 _a1
999 _a230.4 T78
_wLC
_c14613
_i75183
_d14613
_f2021-11-9
_g5
_lCCODEBUL1
_mBUL
_q3
_r0
_sY
_tBOOK
_u2017-1-5
_xTEOLOGIA
_PP85
_0COMPRA
_o.STAFF. Colección TEOLOGIA
980 _81
_gALBERTO SANCHEZ Responsable de Automatización